| 000 | 02181cam a2200409 a 4500 | ||
|---|---|---|---|
| 001 | 15993526 | ||
| 003 | OSt | ||
| 005 | 20171129100254.0 | ||
| 008 | 091123s2011 caua b 001 0 eng d | ||
| 010 | _a 2009942071 | ||
| 020 | _a9780495808176 | ||
| 020 | _a0495808172 | ||
| 035 | _a(OCoLC)ocn432983999 | ||
| 040 |
_aBTCTA _cBTCTA _dCPA _dDLC |
||
| 042 | _alccopycat | ||
| 050 | 0 | 0 |
_aLB1139.23 _b.G66 2011 |
| 082 | 0 | 4 |
_a372.21 _222 |
| 100 | 1 | _aGordon, Ann Miles. | |
| 245 | 1 | 0 |
_aBeginnings and beyond : _bfoundations in early childhood education / _cAnn Miles Gordon, Kathryn Williams Browne. |
| 246 | 3 | 3 | _aFoundations in early childhood education |
| 250 | _a8th ed. | ||
| 260 |
_aBelmont, CA : _bWadsworth, Cengage Learning, _cc2011. |
||
| 300 |
_axix, 572 p. : _bill. (chiefly col.) ; _c29 cm. |
||
| 504 | _aIncludes bibliographical references and indexes. | ||
| 505 | 0 | _aHistory of early childhood education -- Types of programs -- Defining the young child -- Developmental and learning theories -- Teaching : a professional commitment -- Observation and assessment of children -- Guiding children's behavior -- Families and teachers : partners in education -- Creating environments -- Curriculum : creating a context for learning and play -- Planning for the body : physical/motor development -- Planning for the mind : cognitive development -- Planning for the mind : language development -- Planning for heart and soul : psychosocial development -- Issues and trends in early childhood education. | |
| 650 | 0 | _aEarly childhood education. | |
| 650 | 0 |
_aEarly childhood education _xCurricula. |
|
| 650 | 0 | _aChild development. | |
| 700 | 1 | _aBrowne, Kathryn Williams. | |
| 856 | 4 | 2 |
_3Contributor biographical information _uhttp://www.loc.gov/catdir/enhancements/fy1105/2009942071-b.html |
| 856 | 4 | 2 |
_3Publisher description _uhttp://www.loc.gov/catdir/enhancements/fy1105/2009942071-d.html |
| 856 | 4 | 1 |
_3Table of contents only _uhttp://www.loc.gov/catdir/enhancements/fy1105/2009942071-t.html |
| 906 |
_a7 _bcbc _ccopycat _d2 _encip _f20 _gy-gencatlg |
||
| 942 |
_2lcc _cBK |
||
| 999 |
_c51786 _d51786 |
||